| 000 | 01143nam0a22002531 4500 | ||
|---|---|---|---|
| 001 | rc\4082592 | ||
| 005 | 20260407215657.0 | ||
| 021 |
_aRU _b[55-359] |
||
| 035 | _a(NLR Aleph) 008126829 | ||
| 090 |
_a9398632 _c9398632 |
||
| 100 | _a20130415d1954 |||y0rusy50 ca | ||
| 101 | 0 | _arus | |
| 102 | _aRU | ||
| 105 | _ay z ||||| | ||
| 200 | 1 |
_aПамятка об условиях труда и быта рабочих на строительстве и предприятиях угольной промышленности _e[В помощь район. работникам по организованному набору рабочих] _fМ-во угольной пром-сти УССР |
|
| 210 |
_aСталино _cОбл. изд-во _d1954 |
||
| 215 |
_a24 с. _d12 |
||
| 606 |
_aРабочие угольной промышленности _xУсловия труда и быта _2psbo |
||
| 712 | 0 | 1 |
_aУССР _bМинистерство угольной промышленности _3RU\NLR\AUTH\8810145735 _9785785 |
| 801 | 0 |
_aRU _bNLR _gpsbo |
|
| 801 | 1 |
_aRU _bELAR _2rusmarc |
|
| 852 |
_aNLR _jЭк40 Г-0/12 |
||
| 942 | _cBOOK | ||
| 980 | _aNB | ||